书目信息 |
| 题名: |
初等数学学习题解
|
|
| 作者: | A.E.鲁特尼克著:何潜 译 | |
| 分册: | ||
| 出版信息: | 北京 高等教育出版社 1983.01 |
|
| 页数: | 342页 | |
| 开本: | 32开 | |
| 丛书名: | ||
| 单 册: | ||
| 中图分类: | O122-44 | |
| 科图分类: | ||
| 主题词: | 初等数学 | |
| 电子资源: | ||
| ISBN: | ||
| 000 | 00577nam0 2200193 45 | |
| 001 | 0006151786 | |
| 005 | 20000615171901.7 | |
| 010 | @d1.75元 | |
| 100 | @a20000615d1983 km y0chiy0120 ea | |
| 101 | 0 | @achi |
| 105 | @a z 000yy | |
| 200 | 1 | @a初等数学学习题解@AChu Deng Shu Xue Xue Xi Ti Jie@f(苏)A.E.鲁特尼克著:何潜译@F(Su)A.E.Lu Te Ni Ke Zhu:He Qian Yi |
| 210 | @a北京@c高等教育出版社@d1983.01 | |
| 215 | @a342页@d32开 | |
| 606 | 0 | @a初等数学 |
| 690 | @aO122-44@v3 | |
| 701 | 0 | @aA.E.鲁特尼克著:何潜@4译 |
| 801 | @aCN@bPftUser@c20000615 | |
| 905 | @b205516@dO122-44@eH198@f1 | |
| 初等数学学习题解/(苏)A.E.鲁特尼克著:何潜译.-北京:高等教育出版社,1983.01 |
| 342页;32开 |
| ISBN :1.75元 |
| ● |
| 相关链接 |
|
|
|
正题名:初等数学学习题解
索取号:O122-44/H198
 
预约/预借
| 序号 | 登录号 | 条形码 | 馆藏地/架位号 | 状态 | 备注 |
| 1 | 205516 | 202055168 | 自科二线504/504自科库 23排1列3层/ [索取号:O122-44/H198] | 在馆 |